000 00293nam a2200121Ia 4500
008 231120s2019 xx 000 0 und d
041 _aeng
082 _a751.42
100 _aJANE BETTERIDGE
245 _aDYNAMIC WATERCOLOURS
260 _aSEARCH PRESS
_bSEARCH PRESS
_c2019
300 _aP-144
999 _c933332
_d933332